书目信息 |
| 题名: |
摩托车拆装与维修手册
|
|
| 作者: | 刘文举 主编 | |
| 分册: | ||
| 出版信息: | 北京 金盾出版社 2018 |
|
| 页数: | 440页 | |
| 开本: | 26cm | |
| 丛书名: | ||
| 单 册: | ||
| 中图分类: | U483.07-62 | |
| 科图分类: | ||
| 主题词: | 摩托车--维修--手册 | |
| 电子资源: | ||
| ISBN: | 978-7-5186-1226-0 | |
| 000 | 00847nam0 2200229 45 | |
| 001 | 012001002944 | |
| 005 | 20140126095432.0 | |
| 010 | @a978-7-5186-1226-0@dCNY89.00 | |
| 100 | @a20181129d2017 em y0chiy50 ea | |
| 101 | 0 | @achi |
| 102 | @aCN@b110000 | |
| 105 | @aak z 000yy | |
| 106 | @ar | |
| 200 | 1 | @a摩托车拆装与维修手册@9mo tuo che chai zhuang yu wei xiu shou ce@f刘文举主编 |
| 210 | @a北京@c金盾出版社@d2018 | |
| 215 | @a440页@c图@d26cm | |
| 330 | @a本书主要介绍了中外摩托车拆装、常见故障诊排程序图和索引表,并汇集了57种摩托车的技术规格及维修调整数据,涉及车型排量主要为50、70、80、90、100、125、150、200、250、400、500、600、650、750、1000、1200等系列。 | |
| 606 | 0 | @a摩托车@x维修@j手册 |
| 690 | @aU483.07-62@v5 | |
| 701 | 0 | @a刘文举@9liu wen ju@4主编 |
| 801 | 0 | @aCN@b北京卓展@c20191020 |
| 905 | @b1204841-4@dU483.07-62@e903@f4 | |
| 摩托车拆装与维修手册/刘文举主编.-北京:金盾出版社,2018 |
| 440页:图;26cm |
| ISBN 978-7-5186-1226-0:CNY89.00 |
| 本书主要介绍了中外摩托车拆装、常见故障诊排程序图和索引表,并汇集了57种摩托车的技术规格及维修调整数据,涉及车型排量主要为50、70、80、90、100、125、150、200、250、400、500、600、650、750、1000、1200等系列。 |
| ● |
| 相关链接 |
|
|
|
|
正题名:摩托车拆装与维修手册
索取号:U483.07-62/903
 
预约/预借
| 序号 | 登录号 | 条形码 | 馆藏地/架位号 | 状态 | 备注 |
| 1 | 1204841 | 212048416 | 第二样本阅览室/ [索取号:U483.07-62/903] | 在馆 | |
| 2 | 1204842 | 212048425 | 第三借阅区/ [索取号:U483.07-62/903] | 在馆 | |
| 3 | 1204843 | 212048434 | 第三借阅区/ [索取号:U483.07-62/903] | 在馆 | |
| 4 | 1204844 | 212048443 | 第三借阅区/ [索取号:U483.07-62/903] | 在馆 |